000 00662nam a2200181 a 4500
001 000025774
005 20200930024035.0
008 110222s1989 dr 000 0 spa d
040 _aDO-SdBNP
_bspa
_cBNPHU
100 1 _aSantana Guerrero, Demetrio
_952574
245 1 0 _aConcurso literario de navidad, poemas, cuentos y ensayos, años 1987-88 /
_cDemetrio Santana Guerrero.
260 _aSanto Domingo :
_bEdiciones MSC,
_c1989.
300 _a179 P. :
_bil., ;
_c23 cm.
490 1 _aConcurso literario de navidad obispado de Higüey
504 _aBibliografía: p. 176-177
830 0 _aConcurso literario de navidad obispado de Higüey
_952575
049 _aBNPD
999 _c25266
_d25266